Spanish Question Words Quiz Stats

 Plays Quiz Updated Nov 3, 2014

Score 0/8 Timer 02:00
1 Play Today
English Word Spanish Word % Correct
What?¿Qué?
98%
Where?¿Dónde?
88.6%
Why?¿Por qué?
86.6%
Who?¿Quién?
82%
When?¿Cuándo?
81.3%
How Much?¿Cuánto?
78.1%
How?¿Cómo?
78%
Which?¿Cuál?
64.5%

You're not logged in!

Compare scores with friends on all Sporcle quizzes.
OR
Log In

Sporcle TV

Today on Sporcle TV


Watch our educational content, quiz creation guides, and fun videos on Sporcle TV.

Show Comments

Extras

Top Quizzes Today


Score Distribution

Your Account Isn't Verified!

In order to create a playlist on Sporcle, you need to verify the email address you used during registration. Go to your Sporcle Settings to finish the process.

Report this User

Report this user for behavior that violates our Community Guidelines.

Details: